Acting Families Quiz Stats

 Plays Quiz Updated Jun 8, 2018

Support Sporcle.
Go Orange.
Score 0/36 Timer 08:00
1 Play Today
First Names Last Name % Correct
Alec, Steven, William and DanielBaldwin
95.8%
Bruce and GwynethPaltrow
91.4%
Luke and OwenWilson
87.3%
Donald and KieferSutherland
86.8%
Cuba and OmarGooding
86.8%
Martin and CharlieSheen
85%
Tony and Jamie Lee and KellyCurtis
83.6%
River, Joaquin, Rain, Liberty, SummerPhoenix
82.8%
Ben and CaseyAffleck
80.6%
Donny and MarieOsmond
80.5%
John and DrewBarrymore
77%
Kirk and MichaelDouglas
76.4%
Randy and DennisQuaid
73.2%
Damon, Dwayne, Keenan Ivory, Shawn, Kim, MarlonWayans
68.1%
Henry and Peter and JaneFonda
66.4%
Lloyd and Jeff, BeauBridges
65.2%
Donnie and MarkWahlberg
63.8%
Kirk and CandaceCameron
61.9%
First Names Last Name % Correct
Ryan and Tatum and GriffinO'Neal
61%
John and JoanCusack
54.4%
Rob and ChadLowe
52.8%
Sir Sean and JasonConnery
52.4%
Jake and MaggieGyllenhaal
52%
Emily and ZooeyDeschanel
51.4%
Jason and JustineBateman
47.7%
Paul and MiraSorvino
47.1%
John and JenniferAniston
46.7%
Tom and ColinHanks
44.4%
Roy, Sir Michael, Vanessa, Lynn, CorinRedgrave
44.2%
Sean and ChrisPenn
42.7%
Dick and JerryVan Dyke
40.3%
Andrew and ElisabethShue
38.6%
Matt and KevinDillon
37.4%
Michael and VirginiaMadsen
31.5%
Sir John and Hayley and JulietMills
30.3%
Chris, Kevin, JohnFarley
12.3%

You're not logged in!

Compare scores with friends on all Sporcle quizzes.
OR
Log In

From the Vault

Fictional Characters by Description II

by popestcyril

The whole book is basically a 'description' of these characters.
Remove Ads.
Support Sporcle.
Get the best of Sporcle when you Go Orange. This ad-free experience offers more features, more stats, and more fun while also helping to support Sporcle. Thank you for becoming a member.

Show Comments

Extras

Top Quizzes Today


Score Distribution

Your Account Isn't Verified!

In order to create a playlist on Sporcle, you need to verify the email address you used during registration. Go to your Sporcle Settings to finish the process.

Report this User

Report this user for behavior that violates our Community Guidelines.

Details: